• 首页
  • 本馆介绍
  • 公告通知
  • 最新文献
  • 馆藏检索
  • 电子资源
  • 读者导购
  • 参考咨询
  • 我的图书馆
  • 登录
  • 详细信息显示
  • 放入我的书架
  • 预约/预借图书
  • 作者相关作品
  • 分类相关作品
  • 丛书相关作品
  • 出版社相关作品

书目信息

  • 表格格式
  • 工作单格式
  • 卡片格式
题名:
计算机维护与保养
    
 
作者: 王秀梅 主编
分册:  
出版信息: 北京   中国致公出版社  1994
页数: 194页
开本: 26cm
丛书名: 计算机应用基础系列丛书
单 册:
中图分类: TP307
科图分类:
主题词: 电子计算机--保修
电子资源:
ISBN: 978-7-80096-011-6
000 00710nam2 2200241 450
001 0100478545
005 20101126134919.0
010    @a978-7-80096-011-6@dCNY13.00
100    @a20021005d1994 em y0chiy0110 ea
101 0  @achi
102    @aCN@b110000
105    @ay z 000yy
106    @ar
200 1  @a计算机维护与保养@9Ji Suan Ji Wei Hu Yu Bao Yang @f王秀梅主编@b专著
210    @a北京@c中国致公出版社@d1994
215    @a194页@d26cm
225 2  @a计算机应用基础系列丛书@h四@f薛 伟主编
410  0 @12001 @a计算机应用基础系列丛书
606 0  @a电子计算机@x保修
690    @aTP307@v3
701  0 @a王秀梅@9wang xiu mei@4主编
801  0 @aCN@bAiZhiMarc@c19931213
905    @aBZT@dTP307@e30@f13@sTP307/30
    
    计算机维护与保养/王秀梅主编.-北京:中国致公出版社,1994
    194页;26cm.-(计算机应用基础系列丛书.四/薛 伟主编)
    
    
    ISBN 978-7-80096-011-6:CNY13.00
    
●
相关链接 在五车中查询图书 在当当中查询图书 在豆瓣中查询图书


正题名:计算机维护与保养     索取号:TP307/30         预约/预借

序号 登录号 条形码 馆藏地/架位号 状态 备注
1 2000098958   2000098958   旧书回溯/ [索取号:TP307/30] 在馆    
2 2000110239   2000110239   旧书回溯/ [索取号:TP307/30] 在馆    
3 2000110240   2000110240   旧书回溯/ [索取号:TP307/30] 在馆    
4 2000110241   2000110241   旧书回溯/ [索取号:TP307/30] 在馆    
5 2000110242   2000110242   旧书回溯/ [索取号:TP307/30] 在馆    
6 2000110243   2000110243   旧书回溯/ [索取号:TP307/30] 在馆    
7 2000110244   2000110244   旧书回溯/ [索取号:TP307/30] 在馆    
8 2000110245   2000110245   旧书回溯/ [索取号:TP307/30] 在馆    
9 2000110246   2000110246   旧书回溯/ [索取号:TP307/30] 在馆    
10 2000110247   2000110247   旧书回溯/ [索取号:TP307/30] 在馆    
11 2000110248   2000110248   旧书回溯/ [索取号:TP307/30] 在馆    
12 2000110249   2000110249   旧书回溯/ [索取号:TP307/30] 在馆    
13 2000150662   2000150662   旧书回溯/ [索取号:TP307/30] 在馆    
山东省滨州职业学院图书馆 欢迎您!
大连网信软件有限公司© 版权所有